Internet security (Record no. 646)

MARC details
000 -LEADER
fixed length control field 00536 a2200181 4500
001 - CONTROL NUMBER
control field 066606
003 - CONTROL NUMBER IDENTIFIER
control field OSt
005 - DATE AND TIME OF LATEST TRANSACTION
control field 20211004151706.0
008 - FIXED-LENGTH DATA ELEMENTS--GENERAL INFORMATION
fixed length control field
082 ## - DEWEY DECIMAL CLASSIFICATION NUMBER
Classification number 005.58
Item number S32I
100 1# - MAIN ENTRY--PERSONAL NAME
Personal name Speed, Tim
245 1# - TITLE STATEMENT
Title Internet security
Statement of responsibility, etc by Tim Speed and J. Ellis
260 ## - PUBLICATION, DISTRIBUTION, ETC. (IMPRINT)
Place of publication, distribution, etc Boston
Name of publisher, distributor, etc Digital
Date of publication, distribution, etc 2003
300 ## - PHYSICAL DESCRIPTION
Extent 398p.
690 ## - LOCAL SUBJECT ADDED ENTRY--TOPICAL TERM (OCLC, RLIN)
Topical term or geographic name as entry element Internet--Security measures; Computer networks--Security measures; Computer security; Electronic commerce--Security measures
700 ## - ADDED ENTRY--PERSONAL NAME
Personal name Ellis, J.
942 ## - ADDED ENTRY ELEMENTS (KOHA)
Source of classification or shelving scheme Dewey Decimal Classification
Koha item type Books
Holdings
Withdrawn status Lost status Source of classification or shelving scheme Damaged status Not for loan Collection code Home library Current library Date acquired Source of acquisition Cost, normal purchase price Full call number Barcode Date last seen Price effective from Koha item type
    Dewey Decimal Classification     General Text Book Central University Of Rajasthan Central University Of Rajasthan 07/03/2012 CSC 3548.00 005.58 S32I 892 21/11/2024 02/09/2020 Books